[Event "Knighthood Blitz"]
[Site "Vishy Anand Arena"]
[Date "2020.08.01"]
[Round "1"]
[White "Davidcheetah"]
[Black "EvilGenius"]
[Result "0-1"]
[WhiteElo "1672"]
[BlackElo "2728"]
[Annotator "TA"]
[PlyCount "72"]
[EventDate "2020.08.01"]
[EventType "swiss (blitz)"]

1. d4 Nf6 2. Nf3 e6 3. Bg5 c5 4. e3 h6 5. Bh4 Be7 6. Nbd2 b6 7. Bd3 Ba6 8. Bxa6 Nxa6 9. c3 O-O 10. O-O d6 11. h3 Qd7 12. Bg3 Qb7 13. Rc1 Rac8 14. Qe2 d5 15. a3 Nb8 16. Ne5 Rfd8 17. Rfd1 Nc6 18. Nxc6 Qxc6 19. Be5 Qa4 20. Bxf6 Bxf6 21. Nf3 Rc7 22. e4 cxd4 23. Nxd4 dxe4 24. Qxe4 e5 25. b3 Qd7 26. Nf5 Qxd1+ 27. Rxd1 Rxd1+ 28. Kh2 Rd8 29. c4 h5 30. Qf3 h4 31. Qg4 Rcd7 32. f3 Rd1 33. Nxh4 R1d4 34. Qf5 Rf4 35. Qc2 Bxh4 36. g3 Rfd4 0-1

[Event "Knighthood Blitz"]
[Site "Vishy Anand Arena"]
[Date "2020.08.01"]
[Round "1"]
[White "Vamsidasarik"]
[Black "Aradhya"]
[Result "0-1"]
[WhiteElo "1666"]
[BlackElo "2215"]
[PlyCount "70"]
[EventDate "2020.08.01"]
[EventType "swiss (blitz)"]

1. g3 d5 2. Bg2 Nf6 3. b3 Bf5 4. Bb2 e6 5. d3 Be7 6. Nd2 O-O 7. Ngf3 h6 8. O-O c6 9. e3 a5 10. Re1 a4 11. e4 Bg6 12. e5 Nfd7 13. d4 a3 14. Bc1 c5 15. c3 Nc6 16. Nf1 Qb6 17. dxc5 Bxc5 18. Be3 Rfc8 19. Bxc5 Qxc5 20. c4 Nb6 21. Nh4 Bh7 22. cxd5 Nxd5 23. Nd2 Nd4 24. Ne4 Qb4 25. Nd6 Rc2 26. Nf3 Nxf3+ 27. Bxf3 Qc5 28. Ne4 Bxe4 29. Rf1 Nc3 30. Qd7 Bxf3 31. Qd3 Ne2+ 32. Qxe2 Rxe2 33. Rad1 Rxa2 34. Rc1 Rc2 35. Rcd1 Bxd1 0-1

[Event "Knighthood Blitz"]
[Site "Vishy Anand Arena"]
[Date "2020.08.01"]
[Round "1"]
[White "Chess1311"]
[Black "Hamza dhariwala"]
[Result "1-0"]
[WhiteElo "1634"]
[BlackElo "1256"]
[Annotator "NA RC"]
[PlyCount "67"]
[EventDate "2020.08.01"]
[EventType "swiss (blitz)"]

1. d4 Nf6 2. Nf3 g6 3. c4 Bg7 4. Nc3 d6 5. e4 O-O 6. Be2 Nc6 7. O-O e6 8. Bg5 Re8 9. e5 dxe5 10. dxe5 Nxe5 11. Nxe5 Qxd1 12. Rfxd1 Nd7 13. Nxd7 Bxd7 14. Rxd7 Rad8 15. Bxd8 Rxd8 16. Rxd8+ Bf8 17. Nb5 c6 18. Nxa7 b5 19. cxb5 cxb5 20. Nxb5 f5 21. Nc7 Kg7 22. Nxe6+ Kf6 23. Nxf8 Kg5 24. Nxh7+ Kh6 25. Nf8 g5 26. Ne6 g4 27. Rh8+ Kg6 28. h3 gxh3 29. gxh3 Kf6 30. Bc4 f4 31. Kh2 Kf5 32. Rg1 Ke4 33. Rh5 f3 34. Rg4# 1-0

[Event "Knighthood Blitz"]
[Site "Vishy Anand Arena"]
[Date "2020.08.01"]
[Round "1"]
[White "Varun_nair"]
[Black "Nihalsarin"]
[Result "0-1"]
[WhiteElo "1629"]
[BlackElo "2488"]
[Annotator "TA"]
[PlyCount "38"]
[EventDate "2020.08.01"]
[EventType "swiss (blitz)"]

1. d4 d5 2. Bf4 Nf6 3. Nf3 c5 4. e3 Nc6 5. c3 Qb6 6. Qc2 g6 7. Nbd2 Bg7 8. Bd3 O-O 9. O-O Nh5 10. Bg3 Nxg3 11. fxg3 cxd4 12. exd4 e5 13. Be2 exd4 14. Nxd4 Nxd4 15. cxd4 Qxd4+ 16. Kh1 Bf5 17. Qc3 Qxc3 18. bxc3 Bxc3 19. Nb3 Bxa1 0-1

[Event "Knighthood Blitz"]
[Site "Vishy Anand Arena"]
[Date "2020.08.01"]
[Round "1"]
[White "ABCD64"]
[Black "Arghyadip"]
[Result "0-1"]
[WhiteElo "1620"]
[BlackElo "2167"]
[Annotator "NA"]
[PlyCount "52"]
[EventDate "2020.08.01"]
[EventType "swiss (blitz)"]

1. d4 g6 2. c4 Bg7 3. Nc3 d6 4. e4 Nd7 5. Nf3 e5 6. d5 Ne7 7. Be2 O-O 8. O-O h6 9. Re1 f5 10. b4 a5 11. bxa5 Rxa5 12. Nd2 Nf6 13. Nb3 Ra8 14. f3 f4 15. a4 g5 16. Ba3 Ng6 17. c5 Rf7 18. Nb5 Bf8 19. cxd6 cxd6 20. a5 h5 21. Rc1 g4 22. Rc3 g3 23. h3 Ne8 24. Bf1 Rg7 25. Qc2 Nh4 26. Rc1 Bd7 0-1

[Event "Knighthood Blitz"]
[Site "Vishy Anand Arena"]
[Date "2020.08.01"]
[Round "1"]
[White "Anshuman Upadhyay"]
[Black "RATHNAKARAN"]
[Result "0-1"]
[WhiteElo "1620"]
[BlackElo "2160"]
[Annotator "TA"]
[PlyCount "40"]
[EventDate "2020.08.01"]
[EventType "swiss (blitz)"]

1. e4 e6 2. Nf3 c5 3. d4 cxd4 4. Nxd4 Nc6 5. Nf3 Bc5 6. Bc4 a6 7. O-O b5 8. Bb3 Bb7 9. Nc3 d6 10. Bf4 Nge7 11. Qd2 Ng6 12. Bg3 h5 13. h3 h4 14. Bh2 Qe7 15. Rad1 Rd8 16. a4 b4 17. Ne2 Na5 18. g3 Bxe4 19. Nfd4 hxg3 20. fxg3 e5 0-1

[Event "Knighthood Blitz"]
[Site "Vishy Anand Arena"]
[Date "2020.08.01"]
[Round "1"]
[White "Babykandy"]
[Black "lsr"]
[Result "0-1"]
[WhiteElo "1620"]
[BlackElo "2144"]
[PlyCount "114"]
[EventDate "2020.08.01"]
[EventType "swiss (blitz)"]

1. d4 d6 2. Bf4 Nf6 3. e3 g6 4. Nf3 Bg7 5. Be2 O-O 6. O-O Nbd7 7. c4 Qe8 8. Nc3 e5 9. Bg3 c6 10. Re1 Qe7 11. h3 Rd8 12. Qc2 Nh5 13. Bh2 Nf8 14. Rad1 Be6 15. dxe5 dxe5 16. Nxe5 Nf6 17. Nf3 Bf5 18. Qc1 Ne4 19. Nd4 Nxc3 20. Qxc3 Be4 21. f3 c5 22. fxe4 cxd4 23. exd4 Qxe4 24. Bf3 Bxd4+ 25. Rxd4 Qxd4+ 26. Qxd4 Rxd4 27. Bxb7 Rad8 28. Bd5 Ne6 29. Be5 Rd2 30. Bf6 Rd6 31. b4 Rxa2 32. b5 Rd2 33. Re5 h6 34. Kf1 Rd1+ 35. Ke2 R1xd5 36. cxd5 Nf4+ 37. Kf1 Rxf6 38. Re8+ Kg7 39. Rd8 Nxd5+ 40. Kg1 Nc3 41. Rc8 Nxb5 42. Kh1 a6 43. Kh2 Re6 44. Ra8 Nd4 45. Rxa6 Rxa6 46. h4 h5 47. g4 hxg4 48. h5 gxh5 49. Kg3 Rf6 50. Kh4 Kg6 51. Kg3 Kg5 52. Kh2 h4 53. Kg1 Re6 54. Kg2 Re2+ 55. Kh1 h3 56. Kg1 g3 57. Kh1 Re1# 0-1

[Event "Knighthood Blitz"]
[Site "Vishy Anand Arena"]
[Date "2020.08.01"]
[Round "1"]
[White "Entropicacogen"]
[Black "CREATOR 1198"]
[Result "0-1"]
[WhiteElo "1620"]
[BlackElo "2371"]
[Annotator "NA"]
[PlyCount "68"]
[EventDate "2020.08.01"]
[EventType "swiss (blitz)"]

1. e4 Nf6 2. d3 d5 3. e5 Nfd7 4. d4 c5 5. c3 Nc6 6. Nf3 cxd4 7. cxd4 Nb6 8. Bg5 Bg4 9. Be2 Qd7 10. h3 Bh5 11. Nc3 e6 12. Qd2 h6 13. Be3 Nc4 14. Bxc4 dxc4 15. O-O Bxf3 16. gxf3 Nb4 17. a3 Nd5 18. Ne4 Rc8 19. a4 Bb4 20. Nc3 O-O 21. Qc2 Rc6 22. Nb5 a6 23. Nd6 Bxd6 24. exd6 Qxd6 25. Rac1 Rfc8 26. Qe2 e5 27. Rc2 exd4 28. Bxd4 Qg6+ 29. Kh2 Nf4 30. Rg1 Nxe2 31. Rxg6 Nxd4 32. Re2 Rxg6 33. Re4 Nxf3+ 34. Kh1 Rg1# 0-1

[Event "Knighthood Blitz"]
[Site "Vishy Anand Arena"]
[Date "2020.08.01"]
[Round "1"]
[White "Gowthamchess1356"]
[Black "Oligarkh"]
[Result "0-1"]
[WhiteElo "1620"]
[BlackElo "2674"]
[Annotator "NA RC"]
[PlyCount "88"]
[EventDate "2020.08.01"]
[EventType "swiss (blitz)"]

1. d4 d5 2. c4 c6 3. Nc3 Nf6 4. Nf3 dxc4 5. a4 a5 6. e3 Bg4 7. Bxc4 e6 8. h3 Bxf3 9. Qxf3 Nbd7 10. O-O Bb4 11. Bd2 O-O 12. Rfd1 Qe7 13. e4 Rfd8 14. Bg5 h6 15. Bxf6 Qxf6 16. Qxf6 Nxf6 17. f3 Kf8 18. Kf2 Ke7 19. Ke3 g5 20. Rac1 Nh5 21. d5 Nf4 22. Rc2 Bc5+ 23. Kd2 Nxg2 24. Rb1 Nf4 25. Ke1 Nxh3 26. dxe6 fxe6 27. Kf1 Nf4 28. Rd1 Rxd1+ 29. Nxd1 Rd8 30. Nf2 Bxf2 31. Kxf2 Rd4 32. b3 Kf6 33. Rc3 b6 34. Ke3 c5 35. Kf2 h5 36. Kg3 Ke5 37. Kf2 h4 38. Kg1 Rd2 39. Kf1 h3 40. Ke1 h2 41. Kxd2 h1=Q 42. Be2 Qg2 43. Re3 Kd4 44. Rd3+ Nxd3 0-1

[Event "Knighthood Blitz"]
[Site "Vishy Anand Arena"]
[Date "2020.08.01"]
[Round "1"]
[White "KingBuda"]
[Black "Tiger27"]
[Result "0-1"]
[WhiteElo "1620"]
[BlackElo "2151"]
[Annotator "NA"]
[PlyCount "82"]
[EventDate "2020.08.01"]
[EventType "swiss (blitz)"]

1. d4 d5 2. Bf4 Nf6 3. e3 e6 4. Nd2 Bd6 5. Bg3 O-O 6. Ngf3 Ne4 7. Bd3 f5 8. O-O Nd7 9. Bxd6 cxd6 10. c4 dxc4 11. Nxc4 Ndf6 12. Rc1 Qe7 13. Qb3 b6 14. Na3 Bb7 15. Nb5 Nd5 16. Rc2 a6 17. Nc3 Ndxc3 18. bxc3 Kh8 19. Qxb6 Rab8 20. Rb1 Rfc8 21. Bxe4 fxe4 22. Nd2 h6 23. Qa5 Qh4 24. Rcb2 Rf8 25. Nf1 Bc8 26. g3 Rxb2 27. Rxb2 Qf6 28. Qc7 e5 29. dxe5 dxe5 30. Qb6 Qf3 31. Qd6 Bh3 32. Qxf8+ Qxf8 33. f4 exf3 34. Kf2 e4 35. Rd2 Qa3 36. Rd8+ Kh7 37. Rd2 Qxc3 38. Ke1 Bxf1 39. Kf2 Qxd2+ 40. Kxf1 Qe2+ 41. Kg1 Qg2# 0-1

[Event "Knighthood Blitz"]
[Site "Vishy Anand Arena"]
[Date "2020.08.01"]
[Round "1"]
[White "Lazylemon123"]
[Black "Fidodido"]
[Result "0-1"]
[WhiteElo "1620"]
[BlackElo "2338"]
[Annotator "NA RC"]
[PlyCount "50"]
[EventDate "2020.08.01"]
[EventType "swiss (blitz)"]

1. e4 c6 2. Nf3 d5 3. exd5 cxd5 4. Nc3 Nf6 5. d4 Bf5 6. Bf4 e6 7. Bb5+ Nbd7 8. Ba4 Bb4 9. Bd2 O-O 10. a3 Bd6 11. Bb3 a6 12. O-O h6 13. h3 Rc8 14. Nh4 Bh7 15. Nf3 Bb8 16. Re1 Ne4 17. Nxe4 dxe4 18. Nh2 Nf6 19. Ng4 Nxg4 20. Qxg4 Bf5 21. Qe2 Qxd4 22. Bc3 Qd6 23. g3 Ba7 24. Rad1 Qxg3+ 25. Kf1 Bxh3# 0-1

[Event "Knighthood Blitz"]
[Site "Vishy Anand Arena"]
[Date "2020.08.01"]
[Round "1"]
[White "Leorider5143"]
[Black "Babysnake"]
[Result "0-1"]
[WhiteElo "1620"]
[BlackElo "2439"]
[Annotator "NA"]
[PlyCount "66"]
[EventDate "2020.08.01"]
[EventType "swiss (blitz)"]

1. e4 c6 2. Nf3 d5 3. exd5 cxd5 4. d4 Nc6 5. Nc3 Bg4 6. Bb5 e6 7. h3 Bh5 8. O-O Bd6 9. Be3 Nge7 10. Na4 O-O 11. c3 Bc7 12. Nc5 b6 13. Nb3 Qd6 14. g3 Qd8 15. Nbd2 a6 16. Bxc6 Nxc6 17. Qc2 Rc8 18. Rac1 Bb8 19. Qd3 b5 20. Rfd1 Na5 21. b3 Nb7 22. Kg2 Nd6 23. Bf4 Bg6 24. Qe3 Nf5 25. Qe2 Bxf4 26. gxf4 Bh5 27. Rg1 Qf6 28. Kf1 Qh6 29. Qe3 Bxf3 30. Qxf3 Nxd4 31. Qg2 Nf5 32. Nf3 Qxf4 33. Nd4 Qxc1+ 0-1

[Event "Knighthood Blitz"]
[Site "Vishy Anand Arena"]
[Date "2020.08.01"]
[Round "1"]
[White "NIKiler"]
[Black "HarshPandit"]
[Result "1-0"]
[WhiteElo "1620"]
[BlackElo "1608"]
[Annotator "NA"]
[PlyCount "65"]
[EventDate "2020.08.01"]
[EventType "swiss (blitz)"]

1. d4 d5 2. Bf4 Nf6 3. e3 e6 4. Nf3 Bb4+ 5. c3 Bd6 6. Bxd6 Qxd6 7. Bd3 O-O 8. Nbd2 c5 9. O-O Nc6 10. Qa4 c4 11. Bc2 b6 12. e4 dxe4 13. Nxe4 Nxe4 14. Bxe4 Bb7 15. Qxc4 Rac8 16. Qe2 Rfd8 17. Ne5 Nxe5 18. Bxb7 Nd7 19. Bxc8 Rxc8 20. a4 Nf6 21. a5 Rb8 22. axb6 Qxb6 23. Ra6 Qb7 24. Rfa1 g6 25. R1a2 Nd5 26. g3 Qb3 27. Rxa7 Rb7 28. Rxb7 Qxb7 29. Qe5 f6 30. Qxe6+ Qf7 31. Qxf7+ Kxf7 32. Ra7+ Ke6 33. Ra6+ 1-0

[Event "Knighthood Blitz"]
[Site "Vishy Anand Arena"]
[Date "2020.08.01"]
[Round "1"]
[White "Sidba"]
[Black "Ambitious"]
[Result "0-1"]
[WhiteElo "1620"]
[BlackElo "2164"]
[PlyCount "140"]
[EventDate "2020.08.01"]
[EventType "swiss (blitz)"]

1. e4 e6 2. d4 d5 3. Nd2 c5 4. exd5 Qxd5 5. Ngf3 cxd4 6. Bc4 Qd7 7. O-O Nc6 8. Nb3 a6 9. Nbxd4 Nxd4 10. Qxd4 Qxd4 11. Nxd4 Bd7 12. Bf4 Nf6 13. Rfe1 Rc8 14. Bb3 Bc5 15. Nf5 O-O 16. Nd6 Bxd6 17. Bxd6 Rfe8 18. Rad1 Bc6 19. f3 Nd5 20. c4 Ne7 21. Re2 Nf5 22. Bf4 Rcd8 23. Red2 Rxd2 24. Rxd2 e5 25. Bg3 Nd4 26. Kf2 f6 27. Bc2 Nxc2 28. Rxc2 Rd8 29. Ke2 Kf7 30. Rd2 Re8 31. b4 g5 32. Bf2 h5 33. Rb2 g4 34. b5 axb5 35. cxb5 Bd5 36. Ke3 Ra8 37. Rc2 gxf3 38. gxf3 Ra3+ 39. Kd2 Rxf3 40. Rc7+ Ke6 41. Bg3 Ra3 42. Rh7 Rxa2+ 43. Kc3 Bf3 44. Kb4 Rb2+ 45. Kc5 Be2 46. Rxb7 f5 47. Rb8 f4 48. Bf2 Bxb5 49. Rxb5 Rxf2 50. Rb6+ Kf5 51. Rh6 Kg5 52. Re6 Re2 53. Kd5 f3 54. Re7 Kg4 55. Rg7+ Kh4 56. Rh7 e4 57. Rf7 f2 58. Kd4 e3 59. Kd3 Re1 60. Rf4+ Kg5 61. Rf7 f1=Q+ 62. Rxf1 Rxf1 63. Kxe3 Rf4 64. Kd2 Kf5 65. Kc2 Rh4 66. Kb3 Rxh2 67. Kc3 Rh4 68. Kb3 Rg4 69. Kc3 h4 70. Kb3 h3 0-1

[Event "Knighthood Blitz"]
[Site "Vishy Anand Arena"]
[Date "2020.08.01"]
[Round "1"]
[White "SudiNarayana"]
[Black "irus1997"]
[Result "0-1"]
[WhiteElo "1620"]
[BlackElo "2441"]
[Annotator "NA"]
[PlyCount "64"]
[EventDate "2020.08.01"]
[EventType "swiss (blitz)"]

1. e4 g6 2. Bc4 Bg7 3. Nf3 e6 4. d3 d5 5. Bg5 f6 6. Bh4 dxc4 7. O-O cxd3 8. cxd3 Ne7 9. Nc3 O-O 10. Re1 c5 11. Rc1 e5 12. Re3 Nbc6 13. Qc2 Be6 14. Rce1 Rc8 15. h3 Nd4 16. Nxd4 cxd4 17. R3e2 dxc3 18. bxc3 Qa5 19. Qb1 b6 20. a3 Qxc3 21. Rc1 Qxc1+ 22. Qxc1 Rxc1+ 23. Kh2 Rd8 24. Bxf6 Bxf6 25. Re3 Bg5 26. Rf3 Nc6 27. d4 Nxd4 28. Rg3 Bf4 29. f3 Ne2 30. a4 h5 31. a5 h4 32. a6 hxg3# 0-1

[Event "Knighthood Blitz"]
[Site "Vishy Anand Arena"]
[Date "2020.08.01"]
[Round "1"]
[White "Thee_Riddler"]
[Black "Arjunkalyan"]
[Result "0-1"]
[WhiteElo "1620"]
[BlackElo "2273"]
[PlyCount "120"]
[EventDate "2020.08.01"]
[EventType "swiss (blitz)"]

1. e4 c5 2. Nf3 Nc6 3. Bb5 e6 4. Bxc6 bxc6 5. O-O Ne7 6. c4 Ng6 7. Nc3 e5 8. d3 Be7 9. b3 O-O 10. Bb2 d6 11. Ne2 f5 12. h3 fxe4 13. dxe4 Bxh3 14. Ng3 Bg4 15. Qd3 Bxf3 16. gxf3 Nf4 17. Qe3 Bg5 18. Qc3 Qf6 19. Rad1 Qh6 20. Bc1 Rf6 21. Bxf4 Bxf4 22. Kg2 Rg6 23. Rh1 Qg5 24. Rh3 Rf8 25. Rdh1 h6 26. Qa5 Qe7 27. a3 Qf7 28. Qc3 Rb8 29. b4 cxb4 30. axb4 Qb7 31. Rb1 Kh7 32. b5 cxb5 33. Rxb5 Qc8 34. Qb4 Rxb5 35. cxb5 Qc2 36. Qa5 Be3 37. Qe1 Bc5 38. Rh2 Qb2 39. Kh1 Qxb5 40. Nf5 Qd3 41. Rg2 Qxf3 42. Qf1 Qxg2+ 43. Qxg2 Rxg2 44. Kxg2 a5 45. Ne7 a4 46. Nd5 a3 47. Nc3 Bd4 48. Na2 g5 49. Kf3 h5 50. Kg3 Kg6 51. f3 Kf6 52. Kg2 Ke6 53. Nb4 Kd7 54. Na2 Kc6 55. Kf1 Kb5 56. Ke2 Kc4 57. Kd2 h4 58. f4 gxf4 59. Ke2 h3 60. Nc1 h2 0-1

[Event "Knighthood Blitz"]
[Site "Vishy Anand Arena"]
[Date "2020.08.01"]
[Round "1"]
[White "sohanpatnaik"]
[Black "Vignesh nr"]
[Result "0-1"]
[WhiteElo "1620"]
[BlackElo "2348"]
[PlyCount "54"]
[EventDate "2020.08.01"]
[EventType "swiss (blitz)"]

1. Nf3 Nf6 2. d3 g6 3. e4 d6 4. Nc3 c5 5. Be3 Bg7 6. Be2 Nc6 7. O-O O-O 8. h3 e5 9. Qd2 b6 10. Bh6 d5 11. exd5 Nxd5 12. Bxg7 Kxg7 13. Nxd5 Qxd5 14. Rfe1 Bb7 15. a3 Nd4 16. Rad1 Rad8 17. b3 e4 18. dxe4 Nxf3+ 19. gxf3 Qxd2 20. Rxd2 Rxd2 21. Bd3 Rd8 22. Kf1 R8xd3 23. cxd3 Rxd3 24. Ke2 Rxb3 25. Ra1 c4 26. Kd2 Rxf3 27. Kc2 Bxe4+ 0-1

[Event "Knighthood Blitz"]
[Site "Vishy Anand Arena"]
[Date "2020.08.01"]
[Round "1"]
[White "Vijayreddy29"]
[Black "kngopal"]
[Result "0-1"]
[WhiteElo "1613"]
[BlackElo "1919"]
[Annotator "NA"]
[PlyCount "86"]
[EventDate "2020.08.01"]
[EventType "swiss (blitz)"]

1. d4 Nf6 2. c4 d5 3. Nc3 c6 4. Bf4 e6 5. e3 Nbd7 6. Nf3 Be7 7. Bd3 a6 8. O-O dxc4 9. Bxc4 b5 10. Bd3 Bb7 11. Qc2 c5 12. Ne5 cxd4 13. exd4 O-O 14. Rad1 Rc8 15. a3 h6 16. h3 Nd5 17. Bd2 N7f6 18. Qb1 Qb6 19. Nxd5 Bxd5 20. Be3 Rc7 21. Rde1 Rfc8 22. Qd1 Ba8 23. Qd2 Bf8 24. d5 Qb7 25. Nc6 Nxd5 26. Be4 Qxc6 27. Bxh6 f5 28. Bf3 gxh6 29. Qd4 Bg7 30. Qh4 Qd6 31. Rd1 Qf4 32. Qh5 Nf6 33. Qg6 Bxf3 34. gxf3 Qg5+ 35. Qxg5 hxg5 36. Rfe1 Kf7 37. Rd6 Rc6 38. Rd2 Nd5 39. Ree2 Rc1+ 40. Kg2 Nf4+ 41. Kg3 Nxe2+ 42. Rxe2 R8c2 43. Rxc2 Rxc2 0-1

[Event "Knighthood Blitz"]
[Site "Vishy Anand Arena"]
[Date "2020.08.01"]
[Round "1"]
[White "Rakeshkul"]
[Black "Narayanansl"]
[Result "0-1"]
[WhiteElo "1609"]
[BlackElo "2646"]
[Annotator "TA"]
[PlyCount "72"]
[EventDate "2020.08.01"]
[EventType "swiss (blitz)"]

1. e4 c5 2. Nf3 d6 3. d4 cxd4 4. Nxd4 Nf6 5. Nc3 a6 6. Be2 e5 7. Nf3 Be7 8. O-O O-O 9. Re1 h6 10. Bd3 Be6 11. Ne2 Nc6 12. Ng3 Rc8 13. Be3 Re8 14. Qd2 Bf8 15. h4 d5 16. Ng5 hxg5 17. hxg5 Nxe4 18. Bxe4 dxe4 19. Qe2 Nd4 20. Bxd4 exd4 21. Kh2 Qxg5 22. Rh1 Bd6 23. Kg1 Bxg3 24. fxg3 Qe3+ 25. Qxe3 dxe3 26. Re1 Rxc2 27. Rh4 f5 28. Kh2 Rd8 29. Rh1 Rdd2 30. Kh3 Rxg2 31. b4 f4+ 32. Rg4 Rxg3+ 33. Kh4 Rxg4+ 34. Kh5 Rc7 35. b5 g6+ 36. Kh6 Rh7# 0-1

[Event "Knighthood Blitz"]
[Site "Vishy Anand Arena"]
[Date "2020.08.01"]
[Round "1"]
[White "Architsaigal"]
[Black "Swayham"]
[Result "0-1"]
[WhiteElo "1608"]
[BlackElo "1919"]
[PlyCount "74"]
[EventDate "2020.08.01"]
[EventType "swiss (blitz)"]

1. e4 c5 2. Nf3 d6 3. Bb5+ Bd7 4. Bxd7+ Qxd7 5. O-O Nf6 6. Re1 Nc6 7. c3 g6 8. d4 cxd4 9. cxd4 Bg7 10. Nc3 O-O 11. Bg5 Rac8 12. Qd2 Rfd8 13. Nd5 b5 14. Nxf6+ exf6 15. Bf4 a6 16. Rac1 Ne7 17. Rcd1 d5 18. e5 Nf5 19. exf6 Bxf6 20. Be5 Bg7 21. Qf4 Rc6 22. Bxg7 Kxg7 23. Qe5+ Kg8 24. Qf4 Qc7 25. Ne5 Rc2 26. g4 Nd6 27. g5 Ne4 28. Nd3 Qxf4 29. Nxf4 Nxg5 30. h4 Nf3+ 31. Kf1 Nxe1 32. Kxe1 Rxb2 33. Rc1 Rxa2 34. Rc5 Ra4 35. Nxd5 Rxd4 36. Nf6+ Kg7 37. Ng4 Re8+ 0-1

[Event "Knighthood Blitz"]
[Site "Vishy Anand Arena"]
[Date "2020.08.01"]
[Round "1"]
[White "Ishwar Lal Patel"]
[Black "saisujan2005"]
[Result "1-0"]
[WhiteElo "1587"]
[BlackElo "1834"]
[Annotator "NA"]
[PlyCount "83"]
[EventDate "2020.08.01"]
[EventType "swiss (blitz)"]

1. d4 Nf6 2. c4 e6 3. Nf3 Bb4+ 4. Nc3 d5 5. Bg5 O-O 6. e3 b6 7. a3 Bxc3+ 8. bxc3 Bb7 9. cxd5 exd5 10. Be2 h6 11. Bh4 Nbd7 12. O-O Re8 13. Rc1 c5 14. Bb5 a6 15. Bxf6 gxf6 16. Ba4 c4 17. Nh4 Kh8 18. Qh5 Re4 19. Qxh6+ Kg8 20. Nf5 Rg4 21. h3 Rg6 22. Qf4 b5 23. Bc2 Nf8 24. Nh6+ Rxh6 25. Qxh6 Ng6 26. Bxg6 fxg6 27. Qxg6+ Kf8 28. f4 Ke7 29. Rf3 Qd6 30. Qg7+ Ke6 31. Qxb7 f5 32. Qxa8 Kf6 33. Qg8 Qe6 34. Qxe6+ Kxe6 35. Rg3 Kd6 36. Rg6+ Ke7 37. h4 Kd7 38. h5 Kc7 39. h6 a5 40. h7 Kb7 41. h8=Q b4 42. Qg7+ 1-0

[Event "Knighthood Blitz"]
[Site "Vishy Anand Arena"]
[Date "2020.08.01"]
[Round "1"]
[White "Setumadhav"]
[Black "Harishankkar"]
[Result "1/2-1/2"]
[WhiteElo "1585"]
[BlackElo "2142"]
[PlyCount "144"]
[EventDate "2020.08.01"]
[EventType "swiss (blitz)"]

1. d4 c5 2. d5 Nf6 3. Nc3 e6 4. e4 exd5 5. exd5 d6 6. Nf3 Be7 7. Be2 O-O 8. O-O a6 9. a4 Bg4 10. h3 Bxf3 11. Bxf3 Nbd7 12. Bf4 Re8 13. Re1 Qc7 14. Qd2 Bf8 15. g4 h6 16. Kg2 Rab8 17. h4 Ne5 18. Bxe5 dxe5 19. Ne4 Nxe4 20. Rxe4 Rbd8 21. c4 g6 22. Re2 Bg7 23. Rae1 Qd6 24. h5 g5 25. Be4 Rb8 26. Bd3 b5 27. axb5 axb5 28. b3 bxc4 29. bxc4 Rb4 30. Re4 Reb8 31. Qe2 Rb2 32. Qf3 Ra2 33. Qf5 Kf8 34. R4e2 Ra3 35. Qe4 Rab3 36. Bc2 R3b7 37. Bd3 Qf6 38. Qf5 Qxf5 39. Bxf5 Ke7 40. Rxe5+ Bxe5 41. Rxe5+ Kd6 42. Re4 Re7 43. Rxe7 Kxe7 44. Bd3 Kd6 45. Kf3 Ke5 46. Ke3 Rb3 47. Ke2 Kd4 48. Bf5 Kxc4 49. d6 Rb8 50. d7 Rd8 51. Ke3 Kc3 52. Ke4 c4 53. Kd5 Kb4 54. Kd6 c3 55. Ke7 Ra8 56. d8=Q Rxd8 57. Kxd8 Kc4 58. Ke7 Kd4 59. Kxf7 Ke5 60. Kg6 Kf4 61. Kxh6 Kf3 62. Bc2 Kxf2 63. Kxg5 Kf3 64. Bf5 Ke3 65. h6 Kd2 66. h7 c2 67. Bxc2 Kxc2 68. h8=Q Kd2 69. Qe5 Kd3 70. Kf4 Kc4 71. g5 Kb4 72. Ke3 Kc4 1/2-1/2

[Event "Knighthood Blitz"]
[Site "Vishy Anand Arena"]
[Date "2020.08.01"]
[Round "1"]
[White "Mohit chandwani"]
[Black "Gupta_Sankalp"]
[Result "0-1"]
[WhiteElo "1577"]
[BlackElo "2359"]
[PlyCount "96"]
[EventDate "2020.08.01"]
[EventType "swiss (blitz)"]

1. e4 e6 2. d4 d5 3. Bd3 dxe4 4. Bxe4 Nf6 5. Bf3 c5 6. Be3 cxd4 7. Bxd4 Be7 8. Nc3 O-O 9. Nge2 Nc6 10. Bxf6 Bxf6 11. Qxd8 Rxd8 12. O-O Bd7 13. a3 Be8 14. Rab1 Kf8 15. Ne4 Ke7 16. Nc5 Rab8 17. Ne4 b6 18. Nxf6 gxf6 19. Nc3 Ne5 20. Be2 Bc6 21. f3 Rd2 22. Bd3 Rg8 23. Rf2 Nxf3+ 24. Kf1 Nxh2+ 25. Ke1 Rxf2 26. Kxf2 Rxg2+ 27. Ke3 f5 28. Be2 e5 29. Rd1 f4+ 30. Kd2 f3 31. Re1 fxe2 32. Rxe2 Rxe2+ 33. Nxe2 h5 34. b4 h4 35. Ng1 Nf3+ 36. Nxf3 Bxf3 37. Ke3 Bb7 38. Kf2 f5 39. c4 f4 40. c5 bxc5 41. bxc5 h3 42. Kg1 f3 43. Kh2 f2 44. Kxh3 f1=Q+ 45. Kg3 Qf4+ 46. Kh3 Bf3 47. c6 Qg4+ 48. Kh2 Qg2# 0-1

[Event "Knighthood Blitz"]
[Site "Vishy Anand Arena"]
[Date "2020.08.01"]
[Round "1"]
[White "Cool_chess"]
[Black "Snitin"]
[Result "0-1"]
[WhiteElo "1525"]
[BlackElo "2200"]
[PlyCount "104"]
[EventDate "2020.08.01"]
[EventType "swiss (blitz)"]

1. e4 c5 2. Nc3 a6 3. f4 b5 4. Nf3 e6 5. g3 b4 6. Ne2 Bb7 7. d3 d5 8. e5 h5 9. Bg2 Nh6 10. d4 Nc6 11. O-O a5 12. c3 Nf5 13. h4 Qb6 14. Kh1 Ba6 15. Kh2 Rc8 16. Bd2 cxd4 17. cxd4 Bxe2 18. Qxe2 Ncxd4 19. Nxd4 Nxd4 20. Qf2 Bc5 21. Be3 Nf5 22. Bxc5 Qxc5 23. Rac1 Qxf2 24. Rxc8+ Kd7 25. Rxf2 Rxc8 26. Rd2 g6 27. Bh3 Rc1 28. Kg2 Ne3+ 29. Kf3 Nc4 30. Rxd5+ Ke7 31. Rd4 Nxb2 32. Ke3 Rc3+ 33. Kd2 Nc4+ 34. Ke2 Rxg3 35. Bf1 Rc3 36. Kd1 Ne3+ 37. Ke2 Nxf1 38. Kxf1 Ra3 39. Rd2 Rf3+ 40. Ke2 Rxf4 41. Ke3 Rxh4 42. Rc2 Rh3+ 43. Kd4 Rc3 44. Re2 h4 45. Ke4 h3 46. Kf4 a4 47. Rh2 b3 48. axb3 axb3 49. Rb2 Kd7 50. Kg4 Kc6 51. Kf4 Kc5 52. Kg4 Kb4 0-1

[Event "Knighthood Blitz"]
[Site "Vishy Anand Arena"]
[Date "2020.08.01"]
[Round "1"]
[White "Enthusiast"]
[Black "Arunava"]
[Result "1/2-1/2"]
[WhiteElo "1516"]
[BlackElo "1845"]
[Annotator "NA"]
[PlyCount "65"]
[EventDate "2020.08.01"]
[EventType "swiss (blitz)"]

1. e4 c5 2. Nf3 e6 3. d4 cxd4 4. Nxd4 a6 5. Nc3 Qc7 6. Be2 b5 7. a3 Bb7 8. Be3 Nf6 9. f3 Bc5 10. Qd2 O-O 11. Nb3 Bxe3 12. Qxe3 d5 13. O-O Nbd7 14. f4 dxe4 15. Kh1 Nd5 16. Nxd5 exd5 17. c3 Nf6 18. Nd4 Rac8 19. Rac1 Nd7 20. Qg3 Nc5 21. Nf5 g6 22. Nh6+ Kg7 23. Nf5+ Kh8 24. Nd4 Qe7 25. f5 f6 26. fxg6 hxg6 27. Qxg6 Rg8 28. Qh6+ Qh7 29. Qxf6+ Qg7 30. Qh4+ Qh7 31. Qf6+ Qg7 32. Qh4+ Qh7 33. Qf6+ 1/2-1/2

[Event "Knighthood Blitz"]
[Site "Vishy Anand Arena"]
[Date "2020.08.01"]
[Round "1"]
[White "Mraa"]
[Black "Vikas2200"]
[Result "0-1"]
[WhiteElo "1490"]
[BlackElo "1819"]
[Annotator "NA RC"]
[PlyCount "50"]
[EventDate "2020.08.01"]
[EventType "swiss (blitz)"]

1. e4 e5 2. Nf3 Nc6 3. d4 exd4 4. Nxd4 Bc5 5. Nb3 Bb6 6. Bd3 Nf6 7. O-O d6 8. Kh1 O-O 9. f4 Re8 10. Qf3 Bg4 11. Qg3 Be6 12. Bd2 Bxb3 13. axb3 Nxe4 14. Bxe4 Rxe4 15. Bc3 Bd4 16. Nd2 Re3 17. Qf2 Rxc3 18. bxc3 Bxf2 19. Rxf2 Qe7 20. Raf1 h6 21. f5 f6 22. Nf3 Ne5 23. Nxe5 dxe5 24. Rd2 Rd8 25. Rfd1 Rxd2 0-1

[Event "Knighthood Blitz"]
[Site "Vishy Anand Arena"]
[Date "2020.08.01"]
[Round "1"]
[White "Dr_Deep_Chesh"]
[Black "Himplanet"]
[Result "0-1"]
[WhiteElo "1478"]
[BlackElo "2154"]
[PlyCount "40"]
[EventDate "2020.08.01"]
[EventType "swiss (blitz)"]

1. e4 c5 2. Nf3 e6 3. c4 Nc6 4. Nc3 Nf6 5. d3 d5 6. exd5 exd5 7. cxd5 Nxd5 8. Be2 Be7 9. O-O Nc7 10. Be3 Ne6 11. Ne4 O-O 12. Rc1 b6 13. a3 Bb7 14. Nfd2 Ncd4 15. Nc4 f5 16. Ned2 Nxe2+ 17. Qxe2 f4 18. Qg4 Qd5 19. Rfe1 h5 20. Qh3 Ng5 0-1